1670: Rozpoznaj Postacie Po Zdjęciu - Statystyki

Ogólne statystyki
  • Ten quiz został rozwiązany 98 razy
  • Średni wynik to 9 z 13
Statystyki odpowiedzi
Obrazkowy Odpowiedź % Poprawnych
Jan Paweł Adamczewski
98%
Andrzej Pobreża
90%
ks. Jakub Adamczewski
90%
Maciej
89%
Aniela Adamczewska
88%
Bogdan
88%
Zofia Adamczewska
81%
Stanislaw Adamczewski
76%
Zaszczany Jędrula
63%
Ciesław Ryczyński
51%
Ksiądz Żmija
51%
Henryk Lubopolski
43%
Rozalia Ryczyńska
37%
Nie znaleziono quizów pasujących do podanych kryteriów
Rozkład punktacji
Procent ludzi z każdym wynikiem
Percentyl według liczby udzielonych odpowiedzi
Twoja historia wyników
Nie rozwiązałeś tego quizu